| 000 | 00488nam a22001577a 4500 | ||
|---|---|---|---|
| 003 | SGT | ||
| 020 | _a9788131220108 | ||
| 082 | _a658.42,DUR | ||
| 100 | _aPETER F, DRUCKER | ||
| 245 | _aINNOVATION AND ENTREPRENEURSHIP ( PRACTICE AND PRINCE AND PRINCIPLES | ||
| 260 |
_aNEW DELHI _bELSEVIER _c2011 |
||
| 300 | _a253 | ||
| 650 | _aMANAGEMENT AND AUXILIARY SERVICES | ||
| 653 | _aTHE PRACTICE OF INNOVATION, THE PRACTICE OF ENTREPRENEURSHIP, ENTREPRENEURIAL STRATEGIES | ||
| 942 |
_2ddc _cFCM |
||
| 999 |
_c9523 _d9523 |
||